| 000 | 00000nam##2200000za#4500 |
| 001 | 9.699968 |
| 003 | CaOODSP |
| 005 | 20210625000624 |
| 007 | cr ||||||||||| |
| 008 | 150407|1910||||xxc|||||o f|0| 0 eng|d |
| 040 | |aCaOODSP|beng |
| 043 | |an-cn--- |
| 086 | 1 |aCP32-147/1910E-PDF |
| 110 | 1 |aCanada. |bPrivy Council Office. |
| 245 | 10|aSwine husbandry in the United Kingdom and Denmark : |h[electronic resource]|breport of Canadian Commission, 1909 / |cW.H. Ballantyne (chairman), William Jones, Gédéon Garceau, Joseph Rye, J.E. Sinclair, and J.B. Spencer (secretary and editor). |
| 260 | |aOttawa - Ontario : |bPrivy Council Office |c1910. |
| 300 | |a80p.|btables, photographs |
| 500 | |aHistorical publication digitized in 2012 by Privy Council Office of Canada. "Printed by direction of the Honourable Sydney A. Fisher, Minister of Agriculture, Ottawa, January 1st, 1910"--Cover. |
| 590 | |a15-04-Supp|b2015-03-19 |
| 690 | 07|aCommissions of inquiry|2gcpds |
| 690 | 07|aAnimal husbandry|2gcpds |
| 690 | 07|aHogs|2gcpds |
| 856 | 40|ahttp://publications.gc.ca|qPDF|s5.96 MB|uhttps://publications.gc.ca/collections/collection_2014/bcp-pco/CP32-147-1910-eng.pdf |